Az aktív időskor megteremtése - Innovatív megoldások az aktív idősödés előmozdítására
| Szerző: | |
|---|---|
| További közreműködők: | |
| Dokumentumtípus: | Diplomadolgozat |
| Kulcsszavak: | aktív időskor idősbarát városok idősek oktatása időskor időskori tevékenységek |
| Online Access: | http://dolgozattar.uni-bge.hu/59616 |
MARC
| LEADER | 00000nta a2200000 i 4500 | ||
|---|---|---|---|
| 001 | dolg59616 | ||
| 005 | 20260409145317.0 | ||
| 008 | 260409suuuu hu om 000 hun d | ||
| 040 | |a BGE Dolgozattár Repozitórium |b hun | ||
| 041 | |a hu | ||
| 100 | 1 | |a Hegyi Katalin | |
| 245 | 1 | 3 | |a Az aktív időskor megteremtése - Innovatív megoldások az aktív idősödés előmozdítására |c Hegyi Katalin |h [elektronikus dokumentum] |
| 520 | 3 | |a A szakdolgozatom középpontjában az aktív időskor áll, különös tekintettel a kulturális és közösségi programok szerepére az idősek életminőségének javításában. A dolgozat célja feltárni, milyen lehetőségeket kínál a mai társadalom az idősebb generáció számára az aktív, tartalmas életvitel fenntartására. Szekunder kutatás mellett interjúk és kérdőívek segítségével vizsgálom az intézményi gyakorlatokat és a nyugdíjasok tapasztalatait, valamint gyakorlati javaslatokat fogalmazok meg a programok fejlesztésére. | |
| 695 | |a aktív időskor | ||
| 695 | |a idősbarát városok | ||
| 695 | |a idősek oktatása | ||
| 695 | |a időskor | ||
| 695 | |a időskori tevékenységek | ||
| 700 | 1 | |a Czipperer Zsófia Petra |e ths | |
| 856 | 4 | 0 | |u http://dolgozattar.uni-bge.hu/59616/1/Hegyi_Katalin_Szakdolgozat.pdf |z Dokumentum-elérés |
| 856 | 4 | 0 | |u http://dolgozattar.uni-bge.hu/59616/2/Hegyi%20Katalin_b%C3%ADr%C3%A1lat.pdf |z Dokumentum-elérés |
| 856 | 4 | 0 | |u http://dolgozattar.uni-bge.hu/59616/3/Hegyi_Katalin_KSZ_szok%C3%A1cskinga.pdf |z Dokumentum-elérés |